Statistics for African Geography By Letter K - Picture Quiz

Click here to take the quiz!

General Stats

  • This quiz has been taken 253 times
  • The average score is 6 of 18

Answer Stats

Answer% Correct
Kilimanjaro
98%
Kenya
94%
Kalahari
88%
Kinshasa
78%
Kampala
47%
{Kruger} National Park
42%
Kano
33%
Kingfisher
30%
Kudu
22%
Kwacha
19%
Kivu
15%
Khoisan
12%
Kente
7%
Kufi
6%
Kafue
5%
Kanuri
5%
Kagera
4%
Kanzu
4%

Score Distribution

Percentile by Number Answered

Percent of People with Each Score

Your Score History

You have not taken this quiz